000 00501nam a2200217 454500
001 035758
003 BD-ChCU
008 Eng
020 _ax
040 _aDLC
_cDLC
_dBD-ChCU
082 0 0 _a370.1/DEA
100 1 _ax
_bx
245 1 0 _aJohn Dewey on education
_bSelected writings
250 _ax
260 _aN.Y.
_bModern Lib.
_c1964
300 _axxx
504 _ax
650 0 _aEducation, Theory of
_bEducation, Theory of
700 1 _aArchambault, Reginald D.
942 _2ddc
_cBK
999 _c35758
_d35758